00715nam a2200193 450000500170000001000150001702000260003203500140005803700090007208200130008110000250009424500630011926000400018227000740022230000200029694200270031699900190034395201590036220250612151611.0 aENG-145305 a9789390082995c590.00 aEN-128837 bDBAD a616.5922 aRajendran, S.981957 aCovid-19 Lockdown:bImpact on Rural Economy/cS. Rajendran aMaduraibShanlax Publicationsc2021 a61,66 Vasantha Nagar bMaduraie625003mshanlaxpublications@gmail.com a193p.c24cm(Pb) 2ddccENh616.5922mRAJ c211771d211771 001040718NFICaBL1bBL1d2025-06-12eDelivery of Books Act Divisiong590.00l0o616.5922 RAJpEN-128837r2025-06-12 00:00:00t1v590.00w2025-06-12yEN